[Event "North Austria-ch Seniors 65"]
[Site "Spitz am Donau"]
[Date "2017.10.11"]
[Round "4"]
[White "Proksch, Gerhard"]
[Black "Winiwarter, Felix"]
[Result "0-1"]
[WhiteElo "1927"]
[BlackElo "2082"]
[PlyCount "110"]
[EventDate "2017.10.08"]
[EventType "swiss"]
[EventRounds "7"]
[EventCountry "AUT"]
[SourceTitle "CBM 181 Extra"]
[Source "ChessBase"]
[SourceDate "2017.12.12"]
[SourceVersion "1"]
[SourceVersionDate "2017.12.12"]
[SourceQuality "1"]

1. c3 d5 2. d4 Nf6 3. Nf3 e6 4. Bf4 Be7 5. Nbd2 0-0 6. h3 b6 7. e3 Bb7 8. b4 Nbd7 9. Ne5 Nxe5 10. Bxe5 Nd7 11. Bg3 c5 12. bxc5 bxc5 13. Rb1 Bc6 14. Bd3 Qa5 15. Qc2 f5 16. Nb3 Qa3 17. dxc5 Nxc5 18. Nxc5 Qxc5 19. 0-0 Bf6 20. c4 Rac8 21. Qe2 g6 22. Rfc1 Ba8 23. Qf1 d4 24. exd4 Bxd4 25. Kh2 e5 26. Rb5 Qe7 27. f3 Bc6 28. Rbb1 Rfe8 29. Qe2 Qc5 30. Rf1 Rcd8 31. Be1 a5 32. Qc2 Qd6 33. Bg3 Qa3 34. Qb3 Qc5 35. Qc2 Rb8 36. Rxb8 Rxb8 37. Rb1 Rb4 38. Be1 Rb6 39. Rxb6 Qxb6 40. Qb3 Qc7 41. Bg3 Kg7 42. Qd1 Qd6 43. Qe2 Kf6 44. Qd2 Bb6 45. Qe2 Qd4 46. Qf1 Ke6 47. Kh1 e4 48. fxe4 Bxe4 49. Be2 Qe3 50. Bh2 Qxh3 51. c5 Bxc5 52. Bf3 Bxf3 53. Qxf3 Qxf3 54. gxf3 Kd5 55. Kg2 Kc4 0-1

[Event "North Austria-ch Seniors 65"]
[Site "Spitz am Donau"]
[Date "2017.10.09"]
[Round "2"]
[White "Hicker, Harald"]
[Black "Winiwarter, Felix"]
[Result "1/2-1/2"]
[WhiteElo "1979"]
[BlackElo "2082"]
[PlyCount "31"]
[EventDate "2017.10.08"]
[EventType "swiss"]
[EventRounds "7"]
[EventCountry "AUT"]
[SourceTitle "CBM 181 Extra"]
[Source "ChessBase"]
[SourceDate "2017.12.12"]
[SourceVersion "1"]
[SourceVersionDate "2017.12.12"]
[SourceQuality "1"]

1. d4 Nf6 2. c4 g6 3. Nc3 Bg7 4. Nf3 d6 5. e4 0-0 6. Be2 e5 7. d5 a5 8. 0-0 Na6 9. Ne1 Nc5 10. f3 Nh5 11. Nd3 Nxd3 12. Bxd3 f5 13. exf5 gxf5 14. g3 Qe8 15. Qc2 Qg6 16. Be3 1/2-1/2

[Event "AUT-ch Seniors 65"]
[Site "Vienna"]
[Date "2017.02.06"]
[Round "1.4"]
[White "Winiwarter, Felix"]
[Black "Birg, Jovan"]
[Result "1-0"]
[WhiteElo "2078"]
[BlackElo "1835"]
[PlyCount "75"]
[EventDate "2017.02.06"]
[EventType "swiss"]
[EventRounds "7"]
[EventCountry "AUT"]
[SourceTitle "EXT 2024"]
[Source "ChessBase"]
[SourceDate "2023.10.10"]
[SourceVersion "1"]
[SourceVersionDate "2023.10.10"]
[SourceQuality "1"]

1. e4 e5 2. Nf3 Nc6 3. d4 exd4 4. Nxd4 Bb4+ 5. c3 Bc5 6. Bc4 d6 7. 0-0 Qf6 8. Be3 Bb6 9. a4 Nge7 10. Na3 0-0 11. f4 Nd8 12. Nac2 c6 13. Qf3 Ne6 14. Kh1 Bd7 15. g4 h6 16. Rg1 Nxd4 17. cxd4 Ng6 18. f5 Nh4 19. Qg3 Qe7 20. Bd3 g5 21. fxg6 Nxg6 22. Bxh6 Rfd8 23. Ne3 Bxd4 24. Nf5 Qe5 25. Qh3 Nf4 26. Bxf4 Qxf4 27. Rgf1 Qe5 28. Nh6+ Kg7 29. Nxf7 Rh8 30. Qg2 Qe7 31. Nxh8 Rxh8 32. Rf3 Qe5 33. Raf1 Be6 34. Rh3 Rxh3 35. Qxh3 d5 36. Qf3 Bxb2 37. Qf8+ Kg6 38. exd5+ 1-0

[Event "WchT Seniors 65"]
[Site "Radebeul"]
[Date "2016.07.01"]
[Round "6.13"]
[White "Winiwarter, Felix"]
[Black "Cooper, John G1111"]
[Result "1-0"]
[WhiteElo "2101"]
[BlackElo "1941"]
[PlyCount "89"]
[EventDate "2016.06.26"]
[EventType "team-swiss"]
[EventRounds "9"]
[EventCountry "GER"]
[SourceTitle "CBM 173 Extra"]
[Source "ChessBase"]
[SourceDate "2016.08.29"]
[SourceVersion "1"]
[SourceVersionDate "2016.08.29"]
[SourceQuality "1"]
[WhiteTeam "Niederoesterreich"]
[BlackTeam "England II"]
[WhiteTeamCountry "AUT"]
[BlackTeamCountry "ENG"]

1. e4 d5 2. exd5 Qxd5 3. Nc3 Qd6 4. d4 Nf6 5. Nf3 c6 6. h3 g6 7. Be3 Nbd7 8. Qd2 Nb6 9. 0-0-0 Nbd5 10. Nxd5 Nxd5 11. Bg5 h6 12. Bh4 Be6 13. Bg3 Qb4 14. Qxb4 Nxb4 15. a3 Nd5 16. c4 Nf6 17. Be5 Bg7 18. d5 cxd5 19. cxd5 Rc8+ 20. Kb1 Bf5+ 21. Bd3 Bxd3+ 22. Rxd3 0-0 23. Re1 Rfd8 24. d6 exd6 25. Rxd6 Rxd6 26. Bxd6 Nd5 27. g3 Rd8 28. Be5 Re8 29. Kc2 Bxe5 30. Rxe5 Rxe5 31. Nxe5 Kg7 32. Kd3 Nb6 33. Kd4 Kf6 34. Ng4+ Kg7 35. b3 h5 36. Ne5 Kf6 37. a4 Ke6 38. a5 Nd5 39. Nxf7 Ne7 40. Nd8+ Kd7 41. Nxb7 Kc6 42. a6 Kb6 43. Nc5 Nc6+ 44. Kd5 Ne7+ 45. Kc4 1-0

[Event "WchT Seniors 65"]
[Site "Radebeul"]
[Date "2016.06.28"]
[Round "3.3"]
[White "Wittkugel, Friedhelm"]
[Black "Winiwarter, Felix"]
[Result "1/2-1/2"]
[WhiteElo "1993"]
[BlackElo "2101"]
[PlyCount "47"]
[EventDate "2016.06.26"]
[EventType "team-swiss"]
[EventRounds "9"]
[EventCountry "GER"]
[SourceTitle "CBM 173 Extra"]
[Source "ChessBase"]
[SourceDate "2016.08.29"]
[SourceVersion "1"]
[SourceVersionDate "2016.08.29"]
[SourceQuality "1"]
[WhiteTeam "Surprise"]
[BlackTeam "Niederoesterreich"]
[WhiteTeamCountry "GER"]
[BlackTeamCountry "AUT"]

1. d4 Nf6 2. Nf3 c5 3. e3 e6 4. c4 d5 5. Nc3 Nc6 6. a3 a6 7. Bd3 Bd6 8. 0-0 0-0 9. dxc5 Bxc5 10. b4 Bd6 11. Bb2 Ne5 12. Nxe5 Bxe5 13. Qe2 dxc4 14. Bxc4 b5 15. Ba2 Bb7 16. Rac1 Rc8 17. h3 Qe7 18. Bb1 Rfd8 19. Rfd1 Rxd1+ 20. Qxd1 Rd8 21. Qe2 Ba8 22. Rd1 h6 23. Rxd8+ Qxd8 24. Qd3 1/2-1/2

[Event "Niederoesterreich Landesliga 1516"]
[Site "Austria"]
[Date "2015.11.08"]
[Round "3.3"]
[White "Vykydal, Frantisek"]
[Black "Winiwarter, Felix"]
[Result "0-1"]
[WhiteElo "2117"]
[BlackElo "2117"]
[PlyCount "104"]
[EventDate "2015.09.27"]
[EventType "team-tourn"]
[EventRounds "11"]
[EventCountry "AUT"]
[SourceTitle "CBM 170 Extra"]
[Source "ChessBase"]
[SourceDate "2016.02.25"]
[SourceVersion "1"]
[SourceVersionDate "2016.02.25"]
[SourceQuality "1"]
[WhiteTeam "Zwettl"]
[BlackTeam "Krems Voest"]
[WhiteTeamCountry "AUT"]
[BlackTeamCountry "AUT"]

1. e4 c5 2. Nc3 Nc6 3. g3 g6 4. Bg2 Bg7 5. d3 e6 6. Be3 d6 7. Qd2 a6 8. a4 Nd4 9. Nge2 Ne7 10. Nc1 Nec6 11. Nd1 Ne5 12. Bxd4 cxd4 13. h3 0-0 14. Ne2 Nc6 15. f4 e5 16. 0-0 f5 17. Nf2 Qe7 18. Rae1 Bd7 19. c3 dxc3 20. bxc3 Rae8 21. d4 Qd8 22. dxe5 dxe5 23. Rd1 Be6 24. exf5 gxf5 25. fxe5 Bxe5 26. Qc1 Qa5 27. Nd4 Bc4 28. Nxc6 bxc6 29. Bxc6 Re6 30. Bg2 Bxg3 31. Nd3 f4 32. Rf3 Rfe8 33. Nxf4 Re1+ 34. Bf1 Qg5 35. Kh1 Bxf1 36. Rxf1 Rxd1 37. Qxd1 Bxf4 38. Qf3 Re3 39. Qa8+ Kg7 40. Qb7+ Kh6 41. Qd7 Qg3 42. Qc6+ Bd6 43. Qg2 Qxh3+ 44. Qxh3+ Rxh3+ 45. Kg2 Rg3+ 46. Kh1 Kg5 47. Rd1 Bf4 48. Rd7 h5 49. Ra7 Rg1+ 50. Kxg1 Be3+ 51. Kg2 Bxa7 52. Kh3 Kf5 0-1

[Event "EU-chT Seniors"]
[Site "Vienna"]
[Date "2015.07.16"]
[Round "5.7"]
[White "Pruefer, Friedbert"]
[Black "Winiwarter, Felix"]
[Result "1-0"]
[WhiteElo "2224"]
[BlackElo "2139"]
[PlyCount "51"]
[EventDate "2015.07.12"]
[EventType "team-swiss"]
[EventRounds "9"]
[EventCountry "AUT"]
[SourceTitle "EXT 2018"]
[Source "ChessBase"]
[SourceDate "2017.10.13"]
[SourceVersion "1"]
[SourceVersionDate "2017.10.13"]
[SourceQuality "1"]
[WhiteTeam "Leipzig Schachfreunde"]
[BlackTeam "Wien 75+"]
[WhiteTeamCountry "GER"]
[BlackTeamCountry "AUT"]

1. d4 Nf6 2. c4 c5 3. Nf3 e6 4. g3 d5 5. Bg2 Nc6 6. 0-0 Be7 7. dxc5 Bxc5 8. Bg5 Be7 9. cxd5 exd5 10. Nc3 Be6 11. Nd4 Nxd4 12. Qxd4 0-0 13. Rad1 h6 14. Bf4 Qb6 15. Qxb6 axb6 16. a3 Rac8 17. Nxd5 Nxd5 18. Bxd5 Bxd5 19. Rxd5 Rc2 20. Rd2 Rxd2 21. Bxd2 Bf6 22. b3 b5 23. Bb4 Ra8 24. Rd1 Bb2 25. Rd2 Bc1 26. Rc2 1-0

[Event "EU-chT Seniors"]
[Site "Vienna"]
[Date "2015.07.15"]
[Round "4.11"]
[White "Winiwarter, Felix"]
[Black "Jorgensen, Arne Bjorn"]
[Result "1/2-1/2"]
[WhiteElo "2139"]
[BlackElo "1978"]
[PlyCount "92"]
[EventDate "2015.07.12"]
[EventType "team-swiss"]
[EventRounds "9"]
[EventCountry "AUT"]
[SourceTitle "EXT 2018"]
[Source "ChessBase"]
[SourceDate "2017.10.13"]
[SourceVersion "1"]
[SourceVersionDate "2017.10.13"]
[SourceQuality "1"]
[WhiteTeam "Wien 75+"]
[BlackTeam "Denmark"]
[WhiteTeamCountry "AUT"]
[BlackTeamCountry "DEN"]

1. d4 f5 2. Nf3 Nf6 3. g3 g6 4. Bg2 Bg7 5. 0-0 0-0 6. c4 d6 7. Nc3 Nc6 8. d5 Na5 9. Qd3 c5 10. b3 a6 11. Bd2 b5 12. Rac1 Rb8 13. Ng5 b4 14. Nd1 Bd7 15. f3 Nb7 16. e4 fxe4 17. fxe4 Ng4 18. Ne3 Ne5 19. Qe2 a5 20. Rxf8+ Qxf8 21. Rf1 Bf6 22. Bh3 Bxh3 23. Nxh3 Qg7 24. Nf4 Nd8 25. Ng4 Ra8 26. Nd3 Ndf7 27. Kh1 Nxd3 28. Qxd3 Ne5 29. Nxe5 Bxe5 30. Kg2 a4 31. Qf3 axb3 32. axb3 Rf8 33. Qxf8+ Qxf8 34. Rxf8+ Kxf8 35. Kf3 Kf7 36. h3 h5 37. g4 hxg4+ 38. Kxg4 Kf6 39. Bg5+ Kf7 40. h4 Bd4 41. h5 gxh5+ 42. Kxh5 Be5 43. Kg4 e6 44. Bh4 exd5 45. exd5 Kg6 46. Bg5 Bh2 1/2-1/2

[Event "EU-chT Seniors"]
[Site "Vienna"]
[Date "2015.07.13"]
[Round "2.3"]
[White "Karasev, Vladimir I"]
[Black "Winiwarter, Felix"]
[Result "1/2-1/2"]
[WhiteElo "2326"]
[BlackElo "2139"]
[PlyCount "86"]
[EventDate "2015.07.12"]
[EventType "team-swiss"]
[EventRounds "9"]
[EventCountry "AUT"]
[SourceTitle "CBM 167 Extra"]
[Source "ChessBase"]
[SourceDate "2015.09.14"]
[SourceVersion "1"]
[SourceVersionDate "2015.09.14"]
[SourceQuality "1"]
[WhiteTeam "St Petersburg"]
[BlackTeam "Wien 75+"]
[WhiteTeamCountry "RUS"]
[BlackTeamCountry "AUT"]

1. Nf3 Nf6 2. g3 g6 3. Bg2 Bg7 4. 0-0 0-0 5. d3 d6 6. e4 e5 7. Nc3 Nc6 8. h3 h6 9. Be3 Be6 10. d4 exd4 11. Nxd4 Nxd4 12. Bxd4 Qd7 13. Qf3 Nh7 14. Bxg7 Kxg7 15. h4 c6 16. Qd3 Rad8 17. Qd4+ Nf6 18. Qxa7 Bh3 19. Qd4 Rfe8 20. Rae1 g5 21. hxg5 hxg5 22. f3 Re5 23. Re2 c5 24. Qd3 Rh8 25. g4 Qe6 26. Bxh3 Rxh3 27. Rh2 Rxh2 28. Kxh2 d5 29. exd5 Nxd5 30. Nxd5 Rxd5 31. Qc3+ Kg8 32. Re1 Qd6+ 33. Kh3 Rd4 34. Re4 Rxe4 35. fxe4 Qf4 36. Qd3 Kh7 37. e5+ Kg7 38. Qf5 Qe3+ 39. Kg2 Qe2+ 40. Kg1 Qe1+ 41. Kg2 Qd2+ 42. Kf1 Qd1+ 43. Kf2 Qd2+ 1/2-1/2

[Event "Niederoesterreich Landesliga 1415"]
[Site "Austria"]
[Date "2015.02.15"]
[Round "8.4"]
[White "Winiwarter, Felix"]
[Black "Lechner, Daniel"]
[Result "0-1"]
[WhiteElo "2162"]
[BlackElo "2211"]
[PlyCount "111"]
[EventDate "2014.10.05"]
[EventType "team-tourn"]
[EventRounds "11"]
[EventCountry "AUT"]
[SourceTitle "EXT 2016"]
[Source "ChessBase"]
[SourceDate "2015.10.08"]
[SourceVersion "1"]
[SourceVersionDate "2015.10.08"]
[SourceQuality "1"]
[WhiteTeam "Krems Voest"]
[BlackTeam "Bad Voeslau/Kottingbrunn"]
[WhiteTeamCountry "AUT"]
[BlackTeamCountry "AUT"]

1. e4 c5 2. Nf3 d6 3. d4 cxd4 4. Nxd4 Nf6 5. Nc3 a6 6. f4 e5 7. Nf3 Nbd7 8. Bc4 Be7 9. 0-0 0-0 10. a4 exf4 11. Bxf4 Qb6+ 12. Kh1 Qxb2 13. Qe1 Qb6 14. e5 Nxe5 15. Nxe5 dxe5 16. Bxe5 Qc5 17. Bd3 Ng4 18. Bg3 f5 19. a5 Bd8 20. Ra4 Bd7 21. Rc4 Qxa5 22. Rxg4 Re8 23. Bc4+ Kh8 24. Qd2 fxg4 25. Qxd7 Bf6 26. Nd5 Be5 27. Qxg4 Bxg3 28. Qxg3 Rad8 29. Ne3 Qe5 30. Nf5 Qxg3 31. Nxg3 b5 32. Bd3 g6 33. Kg1 Kg7 34. Ne4 Re5 35. h4 a5 36. Ng5 Rd7 37. Nf3 Rc5 38. Re1 b4 39. Ng5 Rcd5 40. Bc4 Rd1 41. Kf2 Rxe1 42. Kxe1 a4 43. g3 Kf6 44. Nf3 Rc7 45. Nd2 Ke5 46. Kd1 Kd4 47. Bg8 Rc3 48. g4 Rg3 49. g5 a3 50. Bb3 Rh3 51. Be6 Rh1+ 52. Ke2 Rh2+ 53. Kd1 Kc3 54. Ne4+ Kb2 55. Nd2 a2 56. Nc4+ 0-1

[Event "Arber op Seniors 2nd"]
[Site "Bayerisch Eisenstein"]
[Date "2014.08.24"]
[Round "9"]
[White "Selig, Rainer"]
[Black "Winiwarter, Felix"]
[Result "0-1"]
[WhiteElo "2070"]
[BlackElo "2149"]
[PlyCount "102"]
[EventDate "2014.08.16"]
[EventType "swiss"]
[EventRounds "9"]
[EventCountry "GER"]
[SourceTitle "EXT 2016"]
[Source "ChessBase"]
[SourceDate "2015.10.08"]
[SourceVersion "1"]
[SourceVersionDate "2015.10.08"]
[SourceQuality "1"]

1. d4 Nf6 2. Nf3 c5 3. c3 e6 4. e3 d5 5. Bd3 Nc6 6. Nbd2 Be7 7. 0-0 0-0 8. dxc5 Bxc5 9. e4 Qc7 10. exd5 exd5 11. Nb3 Bd6 12. h3 Re8 13. Be3 Bd7 14. Qc2 Ne4 15. Rad1 Rad8 16. Nbd4 Qc8 17. Rfe1 Bxh3 18. gxh3 Nxd4 19. Bxd4 Qxh3 20. Bxe4 Qg4+ 21. Kf1 dxe4 22. Ng1 Re6 23. f3 exf3 24. Rxe6 fxe6 25. Qf2 Bg3 26. Qe3 e5 27. Nxf3 exd4 28. Rxd4 Qh3+ 29. Ke2 Rf8 30. Nd2 Qh5+ 31. Kd3 Qf5+ 32. Qe4 h5 33. Rd5 Qf7 34. c4 Re8 35. Qf5 g6 36. Qxf7+ Kxf7 37. Ne4 Bf4 38. c5 Ke6 39. Kc4 Re7 40. b4 h4 41. Nf2 Rd7 42. Rxd7 Kxd7 43. Kd5 g5 44. b5 Bg3 45. Ne4 Bf4 46. Nf2 Kc7 47. a4 Bg3 48. Nh1 Be1 49. Ke4 g4 50. Kf4 g3 51. Kf3 Bc3 0-1

[Event "EU-chT Seniors"]
[Site "Sibenik"]
[Date "2014.04.07"]
[Round "7.7"]
[White "Singer, Hans"]
[Black "Winiwarter, Felix"]
[Result "1/2-1/2"]
[WhiteElo "2166"]
[BlackElo "2136"]
[PlyCount "103"]
[EventDate "2014.04.01"]
[EventType "team-swiss"]
[EventRounds "9"]
[EventCountry "CRO"]
[SourceTitle "CBM 159 Extra"]
[Source "ChessBase"]
[SourceDate "2014.04.24"]
[SourceVersion "1"]
[SourceVersionDate "2014.04.24"]
[SourceQuality "1"]
[WhiteTeam "Austria Wien Seniors"]
[BlackTeam "Austria Niederoesterreich Seniors"]
[WhiteTeamCountry "AUT"]
[BlackTeamCountry "AUT"]

1. Nf3 Nf6 2. c4 g6 3. Nc3 Bg7 4. e4 d6 5. d4 0-0 6. Be2 e5 7. dxe5 dxe5 8. Qxd8 Rxd8 9. Bg5 Re8 10. Nd5 Nxd5 11. cxd5 c6 12. Rd1 cxd5 13. Bb5 Bd7 14. Bxd7 Nxd7 15. Rxd5 Nb6 16. Rb5 Nc4 17. Rxb7 Nd6 18. Rd7 Nxe4 19. 0-0 Nc5 20. Rd5 Ne6 21. Be3 e4 22. Nd4 Bxd4 23. Bxd4 Nf4 24. Rd7 Ne2+ 25. Kh1 Nxd4 26. Rxd4 Rec8 27. Rfd1 Rc2 28. R4d2 Rac8 29. g3 f5 30. h4 R8c7 31. Kg1 Kg7 32. Rd7+ Kh6 33. Rxc7 Rxc7 34. Rd2 Kh5 35. b4 Kg4 36. Kg2 Rc4 37. Rb2 h6 38. a4 g5 39. hxg5 hxg5 40. a5 a6 41. b5 axb5 42. Rxb5 Ra4 43. Re5 f4 44. gxf4 Kxf4 45. Rb5 Ra2 46. Kf1 g4 47. Rc5 g3 48. fxg3+ Kxg3 49. Rf5 Kg4 50. Rf8 Rxa5 51. Ke2 Ra3 52. Rf7 1/2-1/2

[Event "EU-chT Seniors"]
[Site "Sibenik"]
[Date "2014.04.04"]
[Round "4.4"]
[White "Winiwarter, Felix"]
[Black "Chernikov, Oleg L"]
[Result "0-1"]
[WhiteElo "2136"]
[BlackElo "2372"]
[PlyCount "150"]
[EventDate "2014.04.01"]
[EventType "team-swiss"]
[EventRounds "9"]
[EventCountry "CRO"]
[SourceTitle "CBM 159 Extra"]
[Source "ChessBase"]
[SourceDate "2014.04.24"]
[SourceVersion "1"]
[SourceVersionDate "2014.04.24"]
[SourceQuality "1"]
[WhiteTeam "Austria Niederoesterreich Seniors"]
[BlackTeam "Russia Seniors II"]
[WhiteTeamCountry "AUT"]
[BlackTeamCountry "RUS"]

1. e4 c5 2. Nf3 Nc6 3. d4 cxd4 4. Nxd4 Nf6 5. Nc3 Rb8 6. Be2 g6 7. 0-0 Bg7 8. Be3 0-0 9. Qd2 d5 10. exd5 Nxd5 11. Nxd5 Nxd4 12. Bxd4 Qxd5 13. c3 Bxd4 14. cxd4 Rd8 15. Qf4 Bf5 16. Rfd1 Qe4 17. Qxe4 Bxe4 18. f3 Bf5 19. Rac1 Rbc8 20. Rc3 Be6 21. a3 Rxc3 22. bxc3 Rc8 23. d5 Bd7 24. c4 Rc5 25. Kf2 e5 26. Ke3 Kf8 27. f4 exf4+ 28. Kxf4 Ke7 29. Ke5 f6+ 30. Kd4 Kd6 31. Rf1 f5 32. g4 b5 33. gxf5 Bxf5 34. Rf3 bxc4 35. Bxc4 Rc8 36. Re3 Rf8 37. Rf3 Re8 38. Re3 Rxe3 39. Kxe3 Ke5 40. h4 Bc2 41. Ba2 a5 42. Bc4 h6 43. Ba2 g5 44. hxg5 hxg5 45. Bc4 Be4 46. d6 Bc6 47. Be2 Kxd6 48. Kd4 Bb7 49. Bg4 Kc6 50. Kc4 Kb6 51. Bd7 Ba6+ 52. Kd4 Bb5 53. Bg4 Bc6 54. Kc4 Be8 55. Kd4 Kb5 56. Kc3 Kc5 57. Bf3 Bc6 58. Bg4 Kd5 59. Bf3+ Kd6 60. Bg4 Ke5 61. Bh3 Bd5 62. Bg4 Kf4 63. Bh3 Be4 64. Kd4 Bf5 65. Bf1 g4 66. Bg2 g3 67. Bc6 Bg4 68. Bg2 Bf3 69. Bf1 Bb7 70. Bh3 Kf3 71. Ke5 Kf2 72. Kf4 Bc8 73. Bf1 Kxf1 74. Kxg3 Ke2 75. Kf4 Kd3 0-1

[Event "EU-chT Seniors"]
[Site "Sibenik"]
[Date "2014.04.02"]
[Round "2.8"]
[White "Winiwarter, Felix"]
[Black "Bergstrom, Rolf"]
[Result "0-1"]
[WhiteElo "2136"]
[BlackElo "2285"]
[PlyCount "104"]
[EventDate "2014.04.01"]
[EventType "team-swiss"]
[EventRounds "9"]
[EventCountry "CRO"]
[SourceTitle "CBM 159 Extra"]
[Source "ChessBase"]
[SourceDate "2014.04.24"]
[SourceVersion "1"]
[SourceVersionDate "2014.04.24"]
[SourceQuality "1"]
[WhiteTeam "Austria Niederoesterreich Seniors"]
[BlackTeam "Sweden Seniors"]
[WhiteTeamCountry "AUT"]
[BlackTeamCountry "SWE"]

1. e4 d6 2. d4 Nf6 3. Nc3 e5 4. Nf3 Nbd7 5. Bc4 Be7 6. 0-0 Nb6 7. Be2 exd4 8. Nxd4 0-0 9. f4 c6 10. Bf3 d5 11. e5 Ne8 12. Kh1 f6 13. Qe2 Nc7 14. e6 f5 15. g4 fxg4 16. Bxg4 c5 17. Ndb5 d4 18. Nxc7 Qxc7 19. Ne4 Qc6 20. Bd2 Bxe6 21. Bxe6+ Qxe6 22. Rae1 Bh4 23. Ng3 Qxa2 24. Qg4 Qd5+ 25. Kg1 Bxg3 26. hxg3 Qf5 27. Qxf5 Rxf5 28. Re7 Rf7 29. Rfe1 Nd5 30. R7e5 Rd8 31. f5 b6 32. Kg2 Nf6 33. Kf3 h5 34. Bg5 Rdf8 35. Bxf6 Rxf6 36. g4 hxg4+ 37. Kxg4 g6 38. fxg6 Rxg6+ 39. Rg5 Kg7 40. Re7+ Rf7 41. Re2 Rxg5+ 42. Kxg5 Kf8 43. b3 Re7 44. Rh2 Ke8 45. Kf6 Kd7 46. Rg2 Kd6 47. Rh2 a5 48. Rg2 Re3 49. Rf2 Kc6 50. Kf5 Kb5 51. Rh2 Kb4 52. Rh6 b5 0-1

[Event "EU-chT Seniors"]
[Site "Sibenik"]
[Date "2014.04.01"]
[Round "1.17"]
[White "Leukkunen, Raimo"]
[Black "Winiwarter, Felix"]
[Result "1/2-1/2"]
[WhiteElo "1881"]
[BlackElo "2136"]
[PlyCount "75"]
[EventDate "2014.04.01"]
[EventType "team-swiss"]
[EventRounds "9"]
[EventCountry "CRO"]
[SourceTitle "CBM 159 Extra"]
[Source "ChessBase"]
[SourceDate "2014.04.24"]
[SourceVersion "1"]
[SourceVersionDate "2014.04.24"]
[SourceQuality "1"]
[WhiteTeam "Finland Botnia Seniors"]
[BlackTeam "Austria Niederoesterreich Seniors"]
[WhiteTeamCountry "FIN"]
[BlackTeamCountry "AUT"]

1. f4 Nf6 2. Nf3 d5 3. e3 Bg4 4. Be2 e6 5. d3 Be7 6. 0-0 Nbd7 7. Ne5 Bxe2 8. Qxe2 c5 9. c3 Qc7 10. d4 0-0 11. Nd2 a6 12. Ndf3 Ne4 13. Nxd7 Qxd7 14. Ne5 Qc7 15. g4 f6 16. Nf3 Bd6 17. Nd2 Nxd2 18. Bxd2 f5 19. g5 b5 20. b4 cxb4 21. cxb4 Qe7 22. a3 Rfc8 23. Rac1 Qb7 24. Rxc8+ Rxc8 25. Rc1 Rc4 26. Qd3 Qc6 27. Rc3 Kf7 28. Kf2 Bc7 29. Qc2 Kg6 30. Kg3 Rxc3 31. Qxc3 Qc4 32. Qxc4 dxc4 33. h4 Kf7 34. h5 g6 35. h6 Ke7 36. Kf3 Kd6 37. e4 Bb6 38. Bc3 1/2-1/2

[Event "EU-chT Seniors 15th"]
[Site "Dresden"]
[Date "2013.07.23"]
[Round "4"]
[White "Winiwarter, Felix"]
[Black "Boehm, Erwin"]
[Result "1/2-1/2"]
[WhiteElo "2167"]
[BlackElo "2221"]
[PlyCount "49"]
[EventDate "2013.07.20"]
[EventType "team-swiss"]
[EventRounds "9"]
[EventCountry "GER"]
[SourceTitle "CBM 155 Extra"]
[Source "ChessBase"]
[SourceDate "2013.08.26"]
[SourceVersion "1"]
[SourceVersionDate "2013.08.26"]
[SourceQuality "1"]
[WhiteTeam "Austria"]
[BlackTeam "BSW/DBAG"]
[WhiteTeamCountry "AUT"]
[BlackTeamCountry "GER"]

1. Nf3 g6 2. g3 Bg7 3. d4 d6 4. Bg2 e5 5. 0-0 Nc6 6. d5 Nce7 7. e4 f5 8. c4 Nf6 9. Nc3 h6 10. Ne1 fxe4 11. Nxe4 Nxe4 12. Bxe4 Bh3 13. Ng2 0-0 14. Qd3 g5 15. f4 gxf4 16. gxf4 Qd7 17. Rf3 Bxg2 18. Kxg2 exf4 19. Bxf4 Qg4+ 20. Bg3 Rxf3 21. Bxf3 Qg5 22. Be4 Rf8 23. Kh1 Nf5 24. Bxf5 Qxf5 25. Qxf5 1/2-1/2

[Event "EU-chT Seniors 15th"]
[Site "Dresden"]
[Date "2013.07.22"]
[Round "3"]
[White "Winiwarter, Felix"]
[Black "Golcman, Evgeny"]
[Result "1-0"]
[WhiteElo "2167"]
[BlackElo "2264"]
[PlyCount "73"]
[EventDate "2013.07.20"]
[EventType "team-swiss"]
[EventRounds "9"]
[EventCountry "GER"]
[SourceTitle "CBM 155 Extra"]
[Source "ChessBase"]
[SourceDate "2013.08.26"]
[SourceVersion "1"]
[SourceVersionDate "2013.08.26"]
[SourceQuality "1"]
[WhiteTeam "Austria"]
[BlackTeam "St Petersburg"]
[WhiteTeamCountry "AUT"]
[BlackTeamCountry "RUS"]

1. d4 f5 2. Nf3 Nf6 3. g3 g6 4. Bg2 Bg7 5. 0-0 0-0 6. c4 d6 7. Nc3 Nc6 8. d5 Na5 9. Nd2 c5 10. Qc2 Bd7 11. b3 a6 12. Bb2 b5 13. Rae1 Rb8 14. Ba1 Qc7 15. f4 bxc4 16. bxc4 Rb4 17. Qd3 Rfb8 18. h3 Ne4 19. Ncxe4 Bxa1 20. Rxa1 fxe4 21. Bxe4 Bxh3 22. Rf2 e6 23. Rh2 Bf5 24. dxe6 Qg7 25. Rc1 Bxe6 26. Bd5 Qf7 27. Ne4 Bxd5 28. cxd5 Rd4 29. Qf3 Qf5 30. Nxd6 Qxd5 31. Qxd5+ Rxd5 32. Ne4 Rd4 33. Nf6+ Kg7 34. Rxc5 Rb5 35. Ne8+ Kf7 36. Rxh7+ Ke6 37. Nc7+ 1-0

[Event "EU-chT Seniors 15th"]
[Site "Dresden"]
[Date "2013.07.20"]
[Round "1"]
[White "Hellwege, Werner"]
[Black "Winiwarter, Felix"]
[Result "1-0"]
[WhiteElo "2033"]
[BlackElo "2167"]
[PlyCount "120"]
[EventDate "2013.07.20"]
[EventType "team-swiss"]
[EventRounds "9"]
[EventCountry "GER"]
[SourceTitle "CBM 155 Extra"]
[Source "ChessBase"]
[SourceDate "2013.08.26"]
[SourceVersion "1"]
[SourceVersionDate "2013.08.26"]
[SourceQuality "1"]
[WhiteTeam "Niedersachsen Freibauer"]
[BlackTeam "Austria"]
[WhiteTeamCountry "GER"]
[BlackTeamCountry "AUT"]

1. d4 Nf6 2. Nf3 c5 3. g3 e6 4. c4 cxd4 5. Nxd4 Nc6 6. e3 a6 7. Bg2 Qc7 8. b3 Bb4+ 9. Bd2 Be7 10. 0-0 d6 11. Nc3 h5 12. Nf3 Bd7 13. Rc1 Ne5 14. Nxe5 dxe5 15. e4 h4 16. Be3 hxg3 17. hxg3 Qa5 18. Bd2 Qc7 19. Bf3 Bc5 20. Qe2 Qb6 21. Kg2 0-0-0 22. Rh1 Kb8 23. Rxh8 Rxh8 24. Re1 Bxf2 25. Rh1 Rxh1 26. Kxh1 Bxg3 27. Be3 Qb4 28. Qd2 Bf4 29. Bxf4 exf4 30. Qxf4+ Kc8 31. Qe3 Bc6 32. Qd4 Qe7 33. Kg2 Qd7 34. Qe3 Ne8 35. Ne2 f5 36. Nd4 f4 37. Qc3 Qe7 38. Nxc6 Qg5+ 39. Kf1 bxc6 40. e5 Qg3 41. Ke2 Nc7 42. Qd3 g5 43. Bxc6 Qxd3+ 44. Kxd3 Kd8 45. Ke4 Ne8 46. Kf3 Ng7 47. Kg4 Nf5 48. Kxg5 Nd4 49. Bb7 f3 50. Bxa6 Nc6 51. c5 Nxe5 52. Kf4 Nc6 53. Kxf3 Nb4 54. Bc4 Nxa2 55. Bxe6 Kc7 56. Ke4 Nb4 57. Kd4 Nc6+ 58. Kc3 Ne5 59. Bd5 Nd7 60. b4 Ne5 1-0